Sociedad y mentalidades en perspectiva histórica

Kaydedildi:
Detaylı Bibliyografya
Yazar: Cavieres Figueroa, Eduardo Lincoyán (autor)
Materyal Türü: Kitap
Dil:İspanyolca
Baskı/Yayın Bilgisi: Valparaíso Ediciones Universitarias de Valparaíso 1998
Konular:
Etiketler: Etiketle
Etiket eklenmemiş, İlk siz ekleyin!

MARC

LEADER 00000nam a2200000 a 4500
001 UCP2099
003 CL-VaPUC
008 990507e19980000CL |||||||||||||||||spa|d
082 0 4 |a 901  |b CAV  |2 21 
100 |a Cavieres Figueroa, Eduardo Lincoyán  |e autor  |9 884614 
245 1 0 |a Sociedad y mentalidades en perspectiva histórica 
300 |a 206 p 
942 |c BK 
945 |d 19990507 00:00:00  |a rbrito 
260 |a Valparaíso  |b Ediciones Universitarias de Valparaíso  |c 1998 
650 0 |a Filosofía de la historia  |9 265651 
583 |a last modification  |c 19990507 00:00:00  |k Rodrigo Vera 
999 |c 280693  |d 280691 
952 |0 0  |1 0  |4 0  |6 901_000000000000000_CAV_1998  |7 0  |8 A  |9 321158  |a BIBHIS  |b BIBHIS  |d 2019-11-20  |i 3520900  |l 2  |m 1  |o 901 CAV 1998  |p 3520900  |q 2025-06-06  |r 2025-05-07  |s 2025-05-07  |w 2019-11-20  |y BK  |k HIS 
952 |0 0  |1 0  |4 0  |6 901_000000000000000_CAV_1998  |7 0  |8 A  |9 321159  |a BIBHIS  |b BIBHIS  |d 2019-11-20  |i 3520919  |l 1  |o 901 CAV 1998  |p 3520919  |r 2025-01-20  |s 2022-09-26  |w 2019-11-20  |y BK  |k HIS 
952 |0 0  |1 0  |4 0  |6 901_000000000000000_CAV_1998  |7 0  |8 A  |9 321161  |a BIBTEO  |b BIBTEO  |d 2019-11-20  |i 365608K  |o 901 CAV 1998  |p 365608K  |r 2025-01-17  |w 2019-11-20  |y BK  |k ICR